000 00394 a2200145 4500
005 20251027113004.0
008 251016b |||||||| |||| 00| 0 eng d
020 _a9780789202871
082 _a720.95/SMI
100 _aSmith K
_9214633
245 _aFrank LLoyd Wright: America's Master Architect
260 _bAbbeville Press Publishers
_c1998
_aLondon
300 _a143p
_bHB
942 _cBK
999 _c368925
_d368925